| 000 | 00503nam a2200157 u 4500 | ||
|---|---|---|---|
| 001 | 000031291 | ||
| 005 | 20200930062829.0 | ||
| 008 | 090702s2007 dr ac r 001 0 spa d | ||
| 040 |
_aDO-SdBNP _bspa _cBNPHU |
||
| 082 |
_axxxx _bM533 |
||
| 110 | 1 |
_aRepública Dominicana. _bBanco Hipotecario Dominicano _97936 |
|
| 245 | 1 | 0 | _aMemoria anual 2007 del BHD y el Centro Financiero BHD. |
| 260 |
_aSanto Domingo : _bBanco Hipotecario Dominicano, _c[2007]. |
||
| 300 |
_a108 p. : _bil., ; _c28 cm. |
||
| 049 | _aBNPD | ||
| 999 |
_c30783 _d30783 |
||